[Event "Int. Stuttgarter Stadtmeisterschaft A"]
[Site "Ditzingen"]
[Date "2013.05.10"]
[Round "3.35"]
[White "Schmidt, Tobias"]
[Black "Ivanov, Alexander"]
[Result "0-1"]
[WhiteElo "1924"]
[BlackElo "1910"]
[PlyCount "74"]
[EventDate "2013.??.??"]
[WhiteTeam "SC Tamm 74"]
[BlackTeam "SV Rottweil"]

1. e4 c5 2. c3 Nf6 3. e5 Nd5 4. Nf3 Nc6 5. Bc4 e6 6. d4 d6 7. O-O Be7 8. Nbd2
O-O 9. Bb3 b5 10. a4 cxd4 11. cxd4 b4 12. Nc4 dxe5 13. dxe5 a5 14. Bd2 Ba6 15.
Rc1 Rc8 16. Rc2 Bc5 17. Qe2 Nb6 18. Rfc1 Nd4 19. Nxd4 Bxd4 20. Bf4 Bxc4 21.
Bxc4 Nxa4 22. Bd3 Rxc2 23. Bxc2 Nxb2 24. Qh5 g6 25. Qh6 Qd7 26. Re1 a4 27. Bg5
f5 28. exf6 Bxf6 29. Bc1 Bg7 30. Qh4 b3 31. Bb1 Qd4 32. Qe4 Qxe4 33. Rxe4 Rd8
34. Re1 Rd1 35. Kf1 Rxe1+ 36. Kxe1 a3 37. Kd2 a2 0-1

[Event "Int. Stuttgarter Stadtmeisterschaft A"]
[Site "Ditzingen"]
[Date "2013.05.10"]
[Round "3.36"]
[White "Speicher, Franz"]
[Black "Probst, Alexander"]
[Result "0-1"]
[WhiteElo "1898"]
[BlackElo "1972"]
[PlyCount "70"]
[EventDate "2013.??.??"]
[WhiteTeam "SV Dicker Turm Esslingen"]
[BlackTeam "SC Blauer Turm Bad Wimpfen"]

1. d4 d5 2. c4 e6 3. Nf3 Nf6 4. g3 Be7 5. Bg2 O-O 6. O-O dxc4 7. Qc2 a6 8. a4
Nbd7 9. Qxc4 Rb8 10. Nc3 Nb6 11. Qb3 Nbd5 12. Ne5 Nb4 13. Rd1 Bd7 14. Nxd7 Qxd7
15. e4 Rfd8 16. Bg5 Nc6 17. d5 exd5 18. Nxd5 Nxd5 19. Rxd5 Qe6 20. Bf4 Bd6 21.
e5 Nxe5 22. Bxe5 Bxe5 23. Re1 Rxd5 24. Bxd5 Qf6 25. Bxf7+ Qxf7 26. Qxf7+ Kxf7
27. Rxe5 Rd8 28. Rc5 c6 29. Rc3 Ke6 30. Rb3 b5 31. axb5 cxb5 32. Re3+ Kd6 33.
Rd3+ Kc7 34. Rxd8 Kxd8 35. b4 a5 0-1

[Event "Int. Stuttgarter Stadtmeisterschaft A"]
[Site "Ditzingen"]
[Date "2013.05.10"]
[Round "3.37"]
[White "Capelja, Christian"]
[Black "Engelhardt, Frank"]
[Result "1-0"]
[WhiteElo "1969"]
[BlackElo "1882"]
[PlyCount "87"]
[EventDate "2013.??.??"]
[WhiteTeam "SpVgg Rommelshausen"]
[BlackTeam "SC Schachmatt Botnang"]

1. e4 c5 2. Nf3 Nc6 3. d4 cxd4 4. Nxd4 e6 5. Nc3 a6 6. Be3 Nf6 7. Bd3 Bb4 8.
O-O Bxc3 9. bxc3 Qa5 10. Bd2 Qc7 11. f4 d6 12. Qe2 e5 13. Nxc6 Qxc6 14. Rab1 b5
15. fxe5 dxe5 16. Rxb5 Nd7 17. Rbb1 O-O 18. Rf3 Nc5 19. Rg3 Kh8 20. Qe3 f6 21.
Rb4 Be6 22. c4 Rad8 23. Rf3 Rd7 24. h3 Rfd8 25. Bc3 Bg8 26. Qe2 Ne6 27. Kh2 Nd4
28. Bxd4 Rxd4 29. Rf1 a5 30. Rb5 Bxc4 31. Rxa5 Bxd3 32. cxd3 Rxd3 33. Rb1 h6
34. Ra7 Qc5 35. Rbb7 Rd1 36. Rxg7 Qg1+ 37. Kg3 Qe1+ 38. Qxe1 Rxe1 39. Rh7+ Kg8
40. Rxh6 Rxe4 41. Rg6+ Kh8 42. Rxf6 Rd3+ 43. Rf3 Rd2 44. Rf8# 1-0

[Event "Int. Stuttgarter Stadtmeisterschaft A"]
[Site "Ditzingen"]
[Date "2013.05.10"]
[Round "3.38"]
[White "Sand, Rolf"]
[Black "Frederiksen Kristian, Pade"]
[Result "1-0"]
[WhiteElo "1963"]
[BlackElo "1843"]
[PlyCount "69"]
[EventDate "2013.??.??"]
[WhiteTeam "SV Tübingen 1870 e.V."]

1. c4 g6 2. g3 Bg7 3. Bg2 e5 4. Nc3 Ne7 5. e4 O-O 6. Nge2 Nbc6 7. d3 d6 8. O-O
Be6 9. Nd5 h6 10. Be3 Qd7 11. Qd2 Kh7 12. b4 f5 13. Rab1 f4 14. gxf4 Bh3 15. f3
Bxg2 16. Kxg2 Nxd5 17. cxd5 exf4 18. Nxf4 Ne5 19. Ne6 Rf6 20. Rbc1 Rc8 21. d4
Nf7 22. Rc2 Nd8 23. Nxg7 Qxg7 24. e5 dxe5 25. dxe5 Rf5 26. f4 g5 27. Kh1 gxf4
28. Rxf4 Rxf4 29. Bxf4 Nf7 30. Qd3+ Qg6 31. Qxg6+ Kxg6 32. e6 Ng5 33. Rxc7 Rxc7
34. Bxc7 Kf5 35. e7 1-0

[Event "Int. Stuttgarter Stadtmeisterschaft A"]
[Site "Ditzingen"]
[Date "2013.05.10"]
[Round "3.39"]
[White "Klaus, Dominik"]
[Black "Zorn, Nico"]
[Result "1-0"]
[WhiteElo "1880"]
[BlackElo "1837"]
[PlyCount "81"]
[EventDate "2013.??.??"]
[WhiteTeam "Ssg Fils-Lauter e. V."]
[BlackTeam "SC Laufenburg"]

1. d4 d6 2. c4 g6 3. Nf3 Bg7 4. g3 Nf6 5. Bg2 O-O 6. O-O c5 7. d5 b6 8. Nc3 Bb7
9. e4 Nbd7 10. Ne1 Ne5 11. Qe2 Qc7 12. f4 Ned7 13. g4 e5 14. f5 a6 15. g5 Nh5
16. f6 Ndxf6 17. gxf6 Nxf6 18. Nd3 Qe7 19. a4 a5 20. Nb5 Ba6 21. b3 Bxb5 22.
cxb5 Nd7 23. Bh3 h6 24. Nb2 Rab8 25. Ra2 Kh7 26. Nc4 Nf6 27. Qe1 Nh5 28. Rg2 g5
29. Bf5+ Kh8 30. Qe2 Nf4 31. Bxf4 exf4 32. Qh5 Bd4+ 33. Kh1 Qf6 34. h4 Rg8 35.
Rh2 gxh4 36. Rxh4 Rg5 37. Qxh6+ Qxh6 38. Rxh6+ Kg7 39. Rh7+ Kf6 40. Nxd6 Rbg8
41. Rxf7+ 1-0

[Event "Int. Stuttgarter Stadtmeisterschaft A"]
[Site "Ditzingen"]
[Date "2013.05.10"]
[Round "3.40"]
[White "Dimitriadis, Pavlos"]
[Black "Weber, Sandra"]
[Result "1-0"]
[WhiteElo "1871"]
[BlackElo "1766"]
[PlyCount "123"]
[EventDate "2013.??.??"]
[WhiteTeam "SV Reutlingen"]
[BlackTeam "SC Neckarsulm e.V."]

1. e4 c5 2. c3 d6 3. f4 g6 4. Nf3 Bg7 5. g3 Nc6 6. Bg2 Qc7 7. d3 Bd7 8. a4 e6
9. O-O Nge7 10. Na3 a6 11. Nc4 b6 12. e5 dxe5 13. fxe5 O-O 14. Qe2 Nf5 15. g4
b5 16. axb5 axb5 17. Rxa8 Rxa8 18. Na3 b4 19. Nb5 Qb6 20. gxf5 Qxb5 21. c4 Qb8
22. f6 Bf8 23. Ng5 Ra1 24. Nf3 Nd4 25. Nxd4 cxd4 26. Bf4 Qa7 27. Qd2 Rxf1+ 28.
Bxf1 Bc6 29. h4 Ba8 30. Kh2 Qc5 31. Kh3 Bf3 32. Kg3 Bh1 33. Kh2 Bf3 34. Kg3 Bh1
35. Bg2 Bxg2 36. Qxg2 h5 37. Qa8 b3 38. Kh3 Qb4 39. Bh6 Qc5 40. Kg2 Qb4 41. Kf3
Qc5 42. Ke4 Qb4 43. Kxd4 Qb6+ 44. Ke4 Qb4 45. Qxf8+ Qxf8 46. Bxf8 Kxf8 47. d4
Ke8 48. d5 exd5+ 49. cxd5 Kd7 50. Kf4 Ke8 51. Kg5 Kd7 52. Kh6 Ke8 53. e6 Kf8
54. Kg5 Ke8 55. exf7+ Kf8 56. d6 Kxf7 57. d7 Ke6 58. d8=Q Ke5 59. f7 Ke4 60.
f8=Q Ke3 61. Qf4+ Ke2 62. Qdd2# 1-0

[Event "Int. Stuttgarter Stadtmeisterschaft A"]
[Site "Ditzingen"]
[Date "2013.05.10"]
[Round "3.41"]
[White "Süß, Stefan"]
[Black "Lorenz, Michael"]
[Result "0-1"]
[WhiteElo "1826"]
[BlackElo "1950"]
[PlyCount "94"]
[EventDate "2013.??.??"]
[WhiteTeam "Mosbacher SC von 1931"]
[BlackTeam "SG Rochade Kuppenheim 1979 e.V."]

1. d4 d5 2. Bf4 e6 3. e3 Bd6 4. Bxd6 Qxd6 5. Qg4 g6 6. c3 Nc6 7. Nf3 Bd7 8. Qh4
e5 9. Qg3 f6 10. Be2 Nge7 11. h3 O-O-O 12. O-O Qe6 13. Re1 Rdg8 14. dxe5 fxe5
15. Na3 Qf6 16. Nc2 g5 17. Nd2 g4 18. hxg4 h5 19. f3 Nf5 20. Qf2 hxg4 21. fxg4
Qh6 22. Qf3 Nd6 23. Qg3 Rf8 24. Bf3 e4 25. Kf2 exf3 26. gxf3 Qh2+ 27. Qg2 Bxg4
28. Rh1 Qxg2+ 29. Kxg2 Bf5 30. Rxh8 Rxh8 31. Nd4 Ne5 32. Nxf5 Nxf5 33. e4 dxe4
34. fxe4 Ne3+ 35. Kg3 N3c4 36. Nxc4 Nxc4 37. b3 Nd6 38. Re1 Kd7 39. a4 Rf8 40.
e5 Nf5+ 41. Kf4 Nd4+ 42. Ke4 Nxb3 43. Kd5 c6+ 44. Kc4 Na5+ 45. Kb4 b6 46. Re4
Ke6 47. c4 Rf3 0-1

[Event "Int. Stuttgarter Stadtmeisterschaft A"]
[Site "Ditzingen"]
[Date "2013.05.10"]
[Round "3.42"]
[White "Grünert, Thomas"]
[Black "Hoeschele, Hans-Ulrich"]
[Result "1/2-1/2"]
[WhiteElo "1871"]
[BlackElo "2115"]
[PlyCount "71"]
[EventDate "2013.??.??"]
[WhiteTeam "SF Illingen"]
[BlackTeam "Stuttgarter SF 1879"]

1. d4 d5 2. Nf3 Nf6 3. e3 Bf5 4. c4 e6 5. Qb3 Qc8 6. Nc3 c6 7. Bd2 Be7 8. Rc1
Nbd7 9. Be2 Qb8 10. h3 O-O 11. Nh4 dxc4 12. Bxc4 Be4 13. Nxe4 Nxe4 14. Nf3 Nxd2
15. Nxd2 e5 16. Nf3 exd4 17. exd4 Qf4 18. O-O Nb6 19. Rfe1 Bd6 20. Rc2 Rae8 21.
Rce2 Rxe2 22. Bxe2 Re8 23. g3 Qf6 24. Ne5 Qe6 25. Qf3 Bxe5 26. Bd3 Qxa2 27.
dxe5 g6 28. h4 Qd5 29. Qe2 Rd8 30. Rd1 Qe6 31. Kh2 Rd5 32. f4 Qe7 33. h5 Nd7
34. Re1 Nf8 35. Bc4 Rd4 36. b3 1/2-1/2

[Event "Int. Stuttgarter Stadtmeisterschaft A"]
[Site "Ditzingen"]
[Date "2013.05.10"]
[Round "3.43"]
[White "Novak, Josua"]
[Black "Schömbs, Oliver"]
[Result "1-0"]
[WhiteElo "1922"]
[BlackElo "1870"]
[PlyCount "79"]
[EventDate "2013.??.??"]
[WhiteTeam "TSV Münchingen"]
[BlackTeam "SC Ingersheim e.V."]

1. e4 c5 2. Nf3 a6 3. Nc3 e6 4. d4 cxd4 5. Nxd4 Bb4 6. Bd3 Bxc3+ 7. bxc3 d5 8.
O-O dxe4 9. Bxe4 Nf6 10. Bf3 O-O 11. Bg5 Nbd7 12. Qd2 Qc7 13. Rab1 Rb8 14. Bf4
e5 15. Bg3 Re8 16. Nf5 Nf8 17. Qd6 Qxd6 18. Nxd6 Re6 19. Nxb7 Bxb7 20. Bxb7
N8d7 21. c4 Rb6 22. Rxb6 Nxb6 23. Bxa6 Ra8 24. Rd1 Kf8 25. c5 Rxa6 26. cxb6
Rxb6 27. Bxe5 Nd7 28. Bd4 Ra6 29. Ra1 Nb6 30. Kf1 Nd5 31. g3 Nb4 32. Bc5+ Ke8
33. Bxb4 Rc6 34. c3 g6 35. a4 Kd7 36. a5 Kc8 37. Re1 Rf6 38. Re8+ Kb7 39. Re7+
Ka6 40. Rd7 1-0

[Event "Int. Stuttgarter Stadtmeisterschaft A"]
[Site "Ditzingen"]
[Date "2013.05.10"]
[Round "3.44"]
[White "Heeke, Guido"]
[Black "Wezel, Sebastian"]
[Result "1-0"]
[WhiteElo "1908"]
[BlackElo "1848"]
[PlyCount "83"]
[EventDate "2013.??.??"]
[WhiteTeam "SV Letmathe 1933 e.V."]
[BlackTeam "SV Dettingen Erms"]

1. c4 Nf6 2. Nc3 g6 3. g3 Bg7 4. Bg2 O-O 5. Nf3 d6 6. d4 a6 7. O-O Nc6 8. Bd2
Bd7 9. Qc1 Re8 10. d5 Na5 11. Nd1 c5 12. Ne3 b5 13. cxb5 axb5 14. Ng5 Ra7 15.
Qc2 Ng4 16. Nxg4 Bxg4 17. f3 Bc8 18. h4 Nc4 19. Bc1 Bd4+ 20. Kh2 Bb7 21. e4 Qa8
22. Qb3 Rb8 23. f4 Ra4 24. f5 Rb4 25. Qf3 Ne5 26. Qe2 Rf8 27. h5 h6 28. hxg6
fxg6 29. Ne6 Rf7 30. Nxd4 Rxd4 31. fxg6 Rxf1 32. Qxf1 Qe8 33. Bh3 Qxg6 34. Be6+
Kg7 35. Bf4 Nd3 36. Bf5 Qh5+ 37. Kg2 Ba6 38. Be3 Ne5 39. Bxd4 cxd4 40. Qf2 d3
41. Rf1 b4 42. Qa7 1-0

[Event "Int. Stuttgarter Stadtmeisterschaft A"]
[Site "Ditzingen"]
[Date "2013.05.10"]
[Round "3.45"]
[White "Giricz, Thomas"]
[Black "Helmich, Jörg"]
[Result "1-0"]
[WhiteElo "1875"]
[BlackElo "1803"]
[PlyCount "75"]
[EventDate "2013.??.??"]
[WhiteTeam "VfL Sindelfingen"]
[BlackTeam "Regensb. Turnerschaft"]

1. e4 e5 2. Nf3 Nf6 3. Nxe5 d6 4. Nf3 Nxe4 5. d4 d5 6. Bd3 Nc6 7. O-O Be7 8.
Re1 Nf6 9. h3 Be6 10. c3 O-O 11. Ng5 Bd7 12. Bf4 h6 13. Nf3 Be6 14. Bc2 Re8 15.
Qd3 Bf8 16. Ne5 Ne7 17. g4 g6 18. Nd2 Bg7 19. Bg3 Nd7 20. f4 Nxe5 21. fxe5 c6
22. Rf1 Rf8 23. Bh4 Qd7 24. Kh2 Qc7 25. Bf6 Bxf6 26. Rxf6 Kg7 27. Rg1 a5 28. h4
h5 29. gxh5 Bf5 30. Rxf5 Nxf5 31. Qxf5 Qe7 32. Nf3 Rh8 33. hxg6 Rxh4+ 34. Nxh4
Qxh4+ 35. Kg2 fxg6 36. Qxg6+ Kh8 37. Rh1 Qxh1+ 38. Kxh1 1-0

[Event "Int. Stuttgarter Stadtmeisterschaft A"]
[Site "Ditzingen"]
[Date "2013.05.10"]
[Round "3.46"]
[White "Altimira, Jordi"]
[Black "Mayer, Dietmar"]
[Result "1-0"]
[WhiteElo "1872"]
[BlackElo "1802"]
[PlyCount "63"]
[EventDate "2013.??.??"]
[WhiteTeam "SV Rottweil"]
[BlackTeam "SC Böblingen 1975 e.V."]

1. e4 d5 2. exd5 Nf6 3. Bb5+ Bd7 4. Bc4 Bg4 5. Be2 Bxe2 6. Qxe2 Qxd5 7. Nf3 Nc6
8. Nc3 Qa5 9. O-O O-O-O 10. d3 Kb8 11. Ng5 Nd4 12. Qd1 Rd7 13. Nxf7 Rg8 14. Ng5
h6 15. Nf3 Qf5 16. Nxd4 Rxd4 17. Be3 Rh4 18. Ne4 Ng4 19. Ng3 Qg6 20. Qf3 e6 21.
h3 Ne5 22. Bxa7+ Kxa7 23. Qe3+ Kb8 24. Qxe5 Bd6 25. Qe3 Bf4 26. Qe4 Qf6 27. Qe2
g5 28. Nh5 Qg6 29. Nxf4 gxf4 30. Qf3 Qf5 31. Kh2 Rg5 32. Rae1 1-0

[Event "Int. Stuttgarter Stadtmeisterschaft A"]
[Site "Ditzingen"]
[Date "2013.05.10"]
[Round "4.1"]
[White "Manakov, Ilya"]
[Black "Ikonnikov, Vyacheslav"]
[Result "1/2-1/2"]
[WhiteElo "2350"]
[BlackElo "2533"]
[PlyCount "71"]
[EventDate "2013.??.??"]
[WhiteTeam "SC Erdmannhausen"]
[BlackTeam "SF Bad Mergentheim"]

1. d4 Nf6 2. Nf3 e6 3. Bf4 b6 4. e3 Bb7 5. Bd3 c5 6. c3 Be7 7. h3 O-O 8. Nbd2
d6 9. Qe2 Re8 10. Bh2 a6 11. O-O Nbd7 12. e4 cxd4 13. cxd4 Bf8 14. Rfd1 b5 15.
Rac1 Rc8 16. Bb1 Rxc1 17. Rxc1 e5 18. d5 Qb6 19. b4 a5 20. a3 axb4 21. axb4 Ra8
22. Bd3 Ra4 23. Rb1 Ba6 24. g4 Ne8 25. Nf1 Nc7 26. Ne3 Bc8 27. Kg2 Qa7 28. Rb2
Nb6 29. Bxb5 Nxb5 30. Qxb5 Ba6 31. Qc6 Bd3 32. Nd2 Ra3 33. Kf3 Ra2 34. Rxa2
Qxa2 35. Qc3 Qa6 36. Kg2 1/2-1/2

[Event "Int. Stuttgarter Stadtmeisterschaft A"]
[Site "Ditzingen"]
[Date "2013.05.10"]
[Round "4.2"]
[White "Tuncer, Ufuk"]
[Black "Karpatchev, Aleksandr"]
[Result "0-1"]
[WhiteElo "2328"]
[BlackElo "2488"]
[PlyCount "124"]
[EventDate "2013.??.??"]
[WhiteTeam "SC Bad Königshofen 1957"]
[BlackTeam "SF Bad Mergentheim"]

1. e4 e5 2. Nf3 Nc6 3. Nc3 Nf6 4. a3 g6 5. d4 exd4 6. Nxd4 Bg7 7. Nxc6 bxc6 8.
Be2 O-O 9. O-O Re8 10. Bg5 h6 11. Bh4 d5 12. exd5 cxd5 13. Bxf6 Qxf6 14. Nxd5
Qd6 15. Ne3 Bxb2 16. Qxd6 cxd6 17. Rab1 Rb8 18. Rfd1 Be6 19. Rxd6 Bxa3 20. Rdd1
Bc5 21. Ra1 Rb2 22. Bd3 Ba2 23. Kf1 a5 24. Rdc1 a4 25. Nd1 a3 26. Nc3 Be6 27.
Nb5 a2 28. Nc7 Reb8 29. Nxe6 Rb1 30. c3 Rxc1+ 31. Rxc1 fxe6 32. Ke2 Rb2+ 33.
Kf3 Kg7 34. Ra1 Rxf2+ 35. Kg3 Rd2 36. Bc4 Rc2 37. Bxe6 Rxc3+ 38. Kf4 Kf6 39.
Bg8 Bd6+ 40. Ke4 Bxh2 41. Rxa2 Rg3 42. Bd5 Kg5 43. Bf7 Rg4+ 44. Kd3 Rf4 45.
Ra5+ Kf6 46. Bd5 h5 47. Be4 Rg4 48. Bf3 Rb4 49. Ra6+ Kg7 50. Be4 Rb3+ 51. Ke2
Rg3 52. Kf2 h4 53. Ra5 Rg4 54. Bf3 Rb4 55. Ra7+ Kf6 56. Ra6+ Kf5 57. Bc6 Rb2+
58. Kf3 Rb3+ 59. Kf2 Bc7 60. Bd7+ Kg5 61. Ra2 Bb6+ 62. Ke2 Re3+ {usw.} 0-1

[Event "Int. Stuttgarter Stadtmeisterschaft A"]
[Site "Ditzingen"]
[Date "2013.05.10"]
[Round "4.3"]
[White "Cuenca Jimenez, Jose Fernando"]
[Black "Aring, Gerd"]
[Result "1-0"]
[WhiteElo "2483"]
[BlackElo "2196"]
[PlyCount "73"]
[EventDate "2013.??.??"]
[BlackTeam "SV Nürtingen 1920"]

1. e4 c5 2. Nf3 Nc6 3. d4 cxd4 4. Nxd4 e5 5. Nb5 a6 6. Nd6+ Bxd6 7. Qxd6 Qf6 8.
Qc7 Nge7 9. Nc3 Nb4 10. Bd3 d5 11. O-O d4 12. Na4 Qc6 13. Qxc6+ Nexc6 14. Nb6
Rb8 15. Bd2 Be6 16. f4 Nxd3 17. cxd3 f6 18. b4 Kd8 19. a4 Kc7 20. a5 Rbe8 21.
Rac1 Kb8 22. Rc5 Ka7 23. b5 axb5 24. f5 Bb3 25. Rxb5 Bc2 26. Rf3 Re7 27. Rc5
Bd1 28. Rf2 Rd8 29. Be1 Bb3 30. Rb2 Bf7 31. Na4 Be8 32. Nb6 Kb8 33. Nd5 Rf7 34.
a6 Na7 35. Ba5 Rc8 36. Bc7+ Rfxc7 37. Rxc7 1-0

[Event "Int. Stuttgarter Stadtmeisterschaft A"]
[Site "Ditzingen"]
[Date "2013.05.10"]
[Round "4.4"]
[White "Dgebuadze, Alexandre"]
[Black "Khadempour, Farhad"]
[Result "1-0"]
[WhiteElo "2528"]
[BlackElo "2161"]
[PlyCount "186"]
[EventDate "2013.??.??"]
[WhiteTeam "SC 1950 Remagen"]
[BlackTeam "SV Tübingen 1870 e.V."]

1. c4 c5 2. Nc3 Nf6 3. e3 Nc6 4. Nf3 d5 5. cxd5 Nxd5 6. a3 Nc7 7. d4 e6 8. Bc4
Be7 9. O-O O-O 10. dxc5 Qxd1 11. Rxd1 Bxc5 12. b4 Be7 13. Bb2 Bf6 14. Rab1 Rd8
15. Rxd8+ Nxd8 16. Rd1 Nc6 17. h3 Kf8 18. b5 Na5 19. Be2 Ke8 20. g4 Bd7 21. g5
Be7 22. a4 g6 23. Ne5 Rd8 24. f4 Bc8 25. Rxd8+ Bxd8 26. h4 Nb3 27. Ne4 Be7 28.
Nc4 Nd5 29. Ned6+ Bxd6 30. Nxd6+ Kd7 31. Nxf7 Nxe3 32. Ne5+ Ke8 33. h5 gxh5 34.
Bxh5+ Kf8 35. Kf2 Nd5 36. Bd1 Na5 37. Bc1 a6 38. Bc2 Kg8 39. Bd2 b6 40. f5 exf5
41. Bxa5 axb5 42. Bd2 bxa4 43. Bxa4 Kg7 44. Bb3 Be6 45. Bxd5 Bxd5 46. Nd3 Be4
47. Nf4 Bc2 48. Bc3+ Kf7 49. Ke3 b5 50. Kd4 Bb3 51. Bd2 Bc2 52. Kd5 Bb3+ 53.
Kc5 Bc4 54. Ng2 Ke6 55. Bf4 Bd3 56. Ne1 Be4 57. Kxb5 Kd5 58. Kb4 Kd4 59. Kb3
Bd5+ 60. Kc2 Ke4 61. Bc1 f4 62. Nd3 f3 63. Nf2+ Kf5 64. Be3 Bb7 65. Kd2 Ba6 66.
Ke1 Be2 67. Nh1 Kg4 68. Kf2 Ba6 69. Ng3 Bb7 70. Nf1 Kh3 71. Nd2 Kg4 72. Nc4 Bd5
73. Ne5+ Kf5 74. Nxf3 Kg4 75. Nd4 Bc4 76. Nc6 Bd5 77. Ne5+ Kf5 78. Nd7 Be6 79.
Nf8 Bg8 80. Kg3 Ke4 81. Bc1 Ke5 82. Nd7+ Kf5 83. Kh4 Kg6 84. Ne5+ Kf5 85. Bb2
Bb3 86. Kh5 Bc2 87. Kh6 Ke6 88. Ng4 Kf7 89. Nf6 Bb1 90. Nxh7 Bd3 91. Nf6 Bg6
92. Ng4 Bc2 93. Ne5+ Ke6 {usw.} 1-0

[Event "Int. Stuttgarter Stadtmeisterschaft A"]
[Site "Ditzingen"]
[Date "2013.05.10"]
[Round "4.5"]
[White "Nabavi, Parwis"]
[Black "Englert, Fabian"]
[Result "1-0"]
[WhiteElo "2139"]
[BlackElo "2244"]
[PlyCount "79"]
[EventDate "2013.??.??"]
[WhiteTeam "SGEM Dreisamtal"]
[BlackTeam "SK 1982 Klingenberg/Main"]

1. d4 Nf6 2. c4 c5 3. d5 e6 4. Nc3 exd5 5. cxd5 Bd6 6. e4 O-O 7. Bd3 Bc7 8. Nf3
d6 9. Nd2 Re8 10. O-O a6 11. a4 Nbd7 12. Nc4 Rb8 13. Bf4 Nf8 14. a5 Ng6 15. Bg3
Qe7 16. e5 Nxe5 17. Bxe5 dxe5 18. d6 Bxd6 19. Nxd6 Rd8 20. Nxc8 Rbxc8 21. Qe2
Rd4 22. f3 Rcd8 23. Rfd1 Nh5 24. g3 g6 25. f4 Qd7 26. fxe5 Qh3 27. Be4 Nxg3 28.
hxg3 Qxg3+ 29. Bg2 Re8 30. Rxd4 cxd4 31. Ne4 Qxe5 32. Nf6+ Kh8 33. Qxe5 Rxe5
34. Bxb7 d3 35. Nd5 h5 36. Rd1 Re2 37. Bxa6 Rxb2 38. Bxd3 Ra2 39. a6 h4 40. Nb4
1-0

[Event "Int. Stuttgarter Stadtmeisterschaft A"]
[Site "Ditzingen"]
[Date "2013.05.10"]
[Round "4.6"]
[White "Wenner, Tobias"]
[Black "Krockenberger, Martin"]
[Result "1/2-1/2"]
[WhiteElo "2111"]
[BlackElo "2180"]
[PlyCount "21"]
[EventDate "2013.??.??"]
[WhiteTeam "SC Eppingen"]
[BlackTeam "SK Schmiden/Cannstatt"]

1. Nf3 Nf6 2. c4 g6 3. b3 Bg7 4. Bb2 O-O 5. g3 c5 6. Bg2 Nc6 7. O-O d6 8. d4
cxd4 9. Nxd4 Bd7 10. Nc3 Rc8 11. h3 1/2-1/2

[Event "Int. Stuttgarter Stadtmeisterschaft A"]
[Site "Ditzingen"]
[Date "2013.05.10"]
[Round "4.7"]
[White "Bräuner, Uwe"]
[Black "Gutman, Lev"]
[Result "1/2-1/2"]
[WhiteElo "2152"]
[BlackElo "2467"]
[PlyCount "129"]
[EventDate "2013.??.??"]
[WhiteTeam "SF Pfullingen"]
[BlackTeam "SV Lingen"]

1. d4 Nf6 2. Nf3 g6 3. Nc3 d5 4. Bf4 c6 5. e3 Bg4 6. Be2 Bxf3 7. Bxf3 Bg7 8.
O-O O-O 9. Qd2 a5 10. Rad1 Qb6 11. b3 Nbd7 12. e4 dxe4 13. Nxe4 Nxe4 14. Bxe4
Nf6 15. Bf3 Nd5 16. Bxd5 cxd5 17. Bh6 Rac8 18. Bxg7 Kxg7 19. Rfe1 Qc7 20. Rc1
e6 21. Re3 Qf4 22. c3 Rc6 23. g3 Qc7 24. a4 Rc8 25. h4 h5 26. Kg2 Qd6 27. Qb2
Kg8 28. Kh2 Rb8 29. Qe2 Rc7 30. Qb5 Qa6 31. Kg2 Rc6 32. Rb1 Rbc8 33. Qxa6 bxa6
34. b4 Rb8 35. Kf3 Kf8 36. Kf4 Ke7 37. Rd3 f6 38. Ke3 Rcb6 39. Rd2 axb4 40. a5
Rb5 41. Rdb2 b3 42. Ra1 e5 43. Ra3 Ke6 44. f3 Kf5 45. dxe5 fxe5 46. Ra4 Rc8 47.
Kd3 e4+ 48. Kd2 Rc4 49. Ra3 exf3 50. Rbxb3 Rxb3 51. Rxb3 Re4 52. c4 Kg4 53. Rb6
Kxg3 54. Rxg6+ Rg4 55. Rxa6 Rxc4 56. Rg6+ Kf2 57. Rg5 Rc5 58. a6 Ra5 59. Rxh5
Rxa6 60. Rxd5 Re6 61. h5 Kf1 62. Rg5 f2 63. Rg6 Re5 64. h6 Rd5+ 65. Kc2 1/2-1/2

[Event "Int. Stuttgarter Stadtmeisterschaft A"]
[Site "Ditzingen"]
[Date "2013.05.10"]
[Round "4.8"]
[White "Dobosz, Henryk"]
[Black "Scherer, Holger"]
[Result "1-0"]
[WhiteElo "2374"]
[BlackElo "2131"]
[PlyCount "91"]
[EventDate "2013.??.??"]
[WhiteTeam "BG Buchen"]
[BlackTeam "SK Lauffen"]

1. c4 Nf6 2. Nc3 g6 3. e4 d6 4. d4 Bg7 5. h3 O-O 6. Bg5 h6 7. Be3 e5 8. d5 Kh7
9. g4 a5 10. Nge2 Na6 11. Ng3 b6 12. Be2 Nc5 13. h4 Ng8 14. h5 g5 15. Kf1 Bd7
16. b3 Qf6 17. Kg2 Rfb8 18. Qd2 Qd8 19. Rhb1 Bf8 20. Bd1 Ra7 21. a3 Rba8 22. f3
Nf6 23. Ra2 Ne8 24. Bc2 f6 25. Qd1 Ng7 26. Rba1 Qb8 27. Qb1 Ne8 28. b4 Nb7 29.
Ba4 Qc8 30. Bxd7 Qxd7 31. Qb3 Ra6 32. Nh1 Qc8 33. Nf2 Kg7 34. Nd3 Kf7 35. Na4
Be7 36. c5 axb4 37. axb4 bxc5 38. bxc5 Nd8 39. c6 Kf8 40. Nc3 Rxa2+ 41. Rxa2
Qb8 42. Qc4 Nf7 43. Rxa8 Qxa8 44. Qa4 Qb8 45. Nb4 Nd8 46. Qb5 1-0

[Event "Int. Stuttgarter Stadtmeisterschaft A"]
[Site "Ditzingen"]
[Date "2013.05.10"]
[Round "4.9"]
[White "Neyman, Igor"]
[Black "Bluma, Marcel"]
[Result "0-1"]
[WhiteElo "2334"]
[BlackElo "2109"]
[PlyCount "96"]
[EventDate "2013.??.??"]
[WhiteTeam "Stuttgarter SF 1879"]
[BlackTeam "SC Ingersheim e.V."]

1. d4 d5 2. c4 e6 3. Nc3 Nf6 4. Bg5 Be7 5. Nf3 O-O 6. cxd5 exd5 7. e3 h6 8. Bh4
c6 9. Qc2 Ne4 10. Bxe7 Qxe7 11. Nxe4 dxe4 12. Nd2 f5 13. Be2 Be6 14. O-O Nd7
15. Bc4 Nb6 16. Bxe6+ Qxe6 17. Qb3 Nd5 18. f3 exf3 19. Rxf3 b5 20. Re1 Rae8 21.
a4 a6 22. Qd3 Nb4 23. Qc3 Nd5 24. Qc5 bxa4 25. Nc4 Rb8 26. Rf2 Nb4 27. Ne5 Rb5
28. Qc3 Qb3 29. Ra1 Rfb8 30. Ra3 Qxc3 31. bxc3 Nd5 32. c4 Rb3 33. Rxa4 Nxe3 34.
Rd2 Rb1+ 35. Kf2 Nd1+ 36. Kg3 Nc3 37. Rda2 g5 38. h4 Nxa2 39. Rxa2 c5 40. hxg5
hxg5 41. Rxa6 cxd4 42. Rg6+ Kh7 43. Rxg5 d3 44. Nf3 R8b2 45. Kf4 d2 46. Rh5+
Kg6 47. Rg5+ Kh6 48. Kxf5 Rf1 0-1

[Event "Int. Stuttgarter Stadtmeisterschaft A"]
[Site "Ditzingen"]
[Date "2013.05.10"]
[Round "4.10"]
[White "Raupp, Thomas"]
[Black "Bongartz, Philipp"]
[Result "0-1"]
[WhiteElo "2325"]
[BlackElo "2121"]
[PlyCount "62"]
[EventDate "2013.??.??"]
[WhiteTeam "SC Eppingen"]
[BlackTeam "Godesberger Schachklub 1929 e.V."]

1. d4 d5 2. c4 e6 3. Nc3 c5 4. cxd5 cxd4 5. Qa4+ Bd7 6. Qxd4 exd5 7. Qxd5 Nf6
8. Qb3 Na6 9. Nf3 Nc5 10. Qd1 Nce4 11. e3 Bb4 12. Qd4 Qe7 13. Bd3 Rd8 14. Bxe4
Bb5 15. Qxa7 Nxe4 16. Bd2 Bxc3 17. Bxc3 O-O 18. Qa5 Nxc3 19. bxc3 Bc4 20. Rd1
Ra8 21. Qb4 Qxb4 22. cxb4 Rxa2 23. Nd4 Rfa8 24. h4 Rb2 25. Rh3 h5 26. b5 Bd5
27. Rg3 Raa2 28. f3 Bc4 29. Rc1 g6 30. f4 Bd3 31. Rg5 Rf2 0-1

[Event "Int. Stuttgarter Stadtmeisterschaft A"]
[Site "Ditzingen"]
[Date "2013.05.10"]
[Round "4.11"]
[White "Gheng, Josef"]
[Black "von Zimmermann, Georg"]
[Result "1-0"]
[WhiteElo "2311"]
[BlackElo "2070"]
[PlyCount "69"]
[EventDate "2013.??.??"]
[WhiteTeam "SC Erdmannhausen"]
[BlackTeam "MSA Zugzwang 82 e.V."]

1. c4 Nf6 2. Nf3 g6 3. g3 Bg7 4. Bg2 d6 5. Nc3 e5 6. d4 Nbd7 7. O-O O-O 8. dxe5
dxe5 9. b3 Qe7 10. Nb5 c5 11. Bb2 Rd8 12. Qd6 Qxd6 13. Nxd6 Ne8 14. Nxc8 Raxc8
15. Ne1 b6 16. Nc2 Nf8 17. Rad1 Ne6 18. Ne3 Nd4 19. Rfe1 Rd7 20. Nd5 Rcd8 21.
e3 Nc2 22. Re2 Nb4 23. Red2 Kf8 24. Bc3 Nxd5 25. Bxd5 Ke7 26. e4 Nc7 27. f4 f6
28. fxe5 fxe5 29. Rf2 Ne6 30. Rdf1 Nd4 31. Kg2 Rf8 32. Rf7+ Ke8 33. Rxf8+ Bxf8
34. Bxd4 cxd4 35. Bc6 1-0

[Event "Int. Stuttgarter Stadtmeisterschaft A"]
[Site "Ditzingen"]
[Date "2013.05.10"]
[Round "4.12"]
[White "Andraschko, Felix"]
[Black "Ortmann, David"]
[Result "0-1"]
[WhiteElo "2128"]
[BlackElo "2302"]
[PlyCount "60"]
[EventDate "2013.??.??"]
[WhiteTeam "SK Landau"]
[BlackTeam "SC Böblingen 1975 e.V."]

1. Nf3 d5 2. e3 Nf6 3. d4 Bg4 4. c4 c6 5. Qb3 Qb6 6. Nc3 e6 7. Nh4 Bh5 8. h3 g5
9. g4 gxh4 10. gxh5 Nxh5 11. Qc2 Nd7 12. Bd2 Nhf6 13. Rg1 O-O-O 14. c5 Qc7 15.
f4 Be7 16. b4 Rdg8 17. Rxg8+ Rxg8 18. b5 Nb8 19. Qa4 Bd8 20. Qxa7 Ne4 21. Nxe4
dxe4 22. b6 Qd7 23. a4 Bf6 24. a5 Bxd4 25. exd4 Qxd4 26. Ra3 Rd8 27. Be3 Qd1+
28. Kf2 Qf3+ 29. Kg1 Rg8+ 30. Kh2 Qxf1 0-1